| 000 | 00551nam a22001697a 4500 | ||
|---|---|---|---|
| 008 | 160921b xxu||||| |||| 00| 0 eng d | ||
| 020 | _a0763724505 | ||
| 050 | _aRA 776 .T539 2005 | ||
| 100 | _aThygerson.,Alton L. | ||
| 245 |
_aFit to be well: _bessential concepts/ _cAlton L. Thygerson |
||
| 260 |
_aBoston: _bJones and Bartlett Publishers; _c2005 |
||
| 300 |
_axxi, 223p. : _bill. ; _c22cm |
||
| 500 | _aIncludes index and references | ||
| 650 | _aHealth | ||
| 650 | _aPhysical fitness | ||
| 942 |
_2lcc _cBOOKS _hRA 776 .T539 2005 |
||
| 999 |
_c13980 _d13980 |
||